Postup založenia offshore spoločnosti na Cypre

Právne formy offshore spoločností na Cypre. Formality a doklady v prípravnej fáze založenia offshore spoločnosti. Doklady o založení offshore spoločnosti. Vzor žiadosti o zaregistrovanie spoločnosti na Cypre.

Na minha lista:
Detalhes bibliográficos
Autor principal: Kubicová, Jana, 1961-
Formato: Capítulo de Livro
Idioma:eslovaco
Assuntos:
Tags: Adicionar Tag
Sem tags, seja o primeiro a adicionar uma tag!

MARC

LEADER 00000naa a2200000 4500
001 r036243
005 20230911130743.1
041 0 |a slo 
044 |a SK 
245 1 0 |a Postup založenia offshore spoločnosti na Cypre  |c Jana Kubicová 
520 |a Právne formy offshore spoločností na Cypre. Formality a doklady v prípravnej fáze založenia offshore spoločnosti. Doklady o založení offshore spoločnosti. Vzor žiadosti o zaregistrovanie spoločnosti na Cypre. 
610 2 0 |a offshore 
610 2 0 |a Cyprus 
610 2 0 |a úpravy právne 
610 2 0 |a akcionári 
610 2 0 |a dokumenty 
610 2 0 |a poplatky 
100 1 |a Kubicová, Jana, 1961-